[Event "First Saturday Tournament Budapest"]
[Site "Budapest"]
[Date "2012.06.08"]
[Round "6.3"]
[White "Volodin, Viktor"]
[Black "Lyell, Mark"]
[Result "1/2-1/2"]
[WhiteElo "2197"]
[BlackElo "2184"]
[PlyCount "60"]
[EventDate "2012.06.02"]

1. g3 e5 2. c4 Nc6 3. Bg2 f5 4. Nc3 Nf6 5. e3 d5 6. cxd5 Nb4 7. d3 c6 8. Nge2
Nbxd5 9. O-O Be6 10. d4 Bd6 11. dxe5 Bxe5 12. Nd4 Bxd4 13. Qxd4 O-O 14. Bd2 Qe8
15. Rfd1 Qh5 16. Be1 Rad8 17. Nxd5 Rxd5 18. Qa4 Ng4 19. h3 Ne5 20. Rxd5 Bxd5
21. Bxd5+ cxd5 22. Qf4 Nc6 23. Kg2 Rd8 24. Bc3 h6 25. Qc7 Qf7 26. Qxf7+ Kxf7
27. Rd1 h5 28. Kf3 g5 29. h4 g4+ 30. Kf4 Kg6 1/2-1/2

[Event "First Saturday Tournament Budapest"]
[Site "Budapest"]
[Date "2012.06.08"]
[Round "6.5"]
[White "Farago, Sandor"]
[Black "Xu, Huahua"]
[Result "0-1"]
[WhiteElo "2270"]
[BlackElo "2168"]
[PlyCount "92"]
[EventDate "2012.06.02"]

1. e4 c5 2. Nf3 d6 3. d4 cxd4 4. Nxd4 Nf6 5. Nc3 g6 6. Be3 Bg7 7. f3 Nc6 8. Qd2
O-O 9. Bc4 Bd7 10. O-O-O Rc8 11. Bb3 Nxd4 12. Bxd4 b5 13. e5 dxe5 14. Bxe5 Bc6
15. Qe3 Qa5 16. Kb1 b4 17. Bxf6 Bxf6 18. Nd5 Bxd5 19. Rxd5 Qc7 20. h4 Rfd8 21.
Rxd8+ Rxd8 22. h5 g5 23. h6 Qg3 24. Qe2 Qd6 25. g4 a5 26. c4 bxc3 27. Rd1 Qb6
28. Rxd8+ Qxd8 29. Qc4 e6 30. bxc3 Qf8 31. Qc7 Qxh6 32. Kb2 Qh3 33. Qxa5 Qxf3
34. Qb4 h5 35. gxh5 g4 36. Bc2 g3 37. Qe4 Qxh5 38. a4 Qg5 39. Qa8+ Kg7 40. Be4
g2 41. Bxg2 Qd2+ 42. Kb1 Qd3+ 43. Kc1 Qxc3+ 44. Kd1 Bg5 45. Ke2 Qe3+ 46. Kf1
Bh4 0-1

[Event "First Saturday Tournament Budapest"]
[Site "Budapest"]
[Date "2012.06.09"]
[Round "7.1"]
[White "Xu, Huahua"]
[Black "Szalanczy, Emil"]
[Result "1-0"]
[WhiteElo "2168"]
[BlackElo "2262"]
[PlyCount "85"]
[EventDate "2012.06.02"]

1. e4 c5 2. Nf3 d6 3. Bb5+ Nd7 4. O-O Ngf6 5. Re1 a6 6. Bxd7+ Bxd7 7. c3 c4 8.
e5 dxe5 9. Nxe5 Rc8 10. d4 cxd3 11. Qxd3 Be6 12. Qe2 g6 13. Nd2 Bg7 14. Ndf3
O-O 15. Be3 Qa5 16. Bd4 Rfd8 17. Ng5 Qd5 18. Bb6 Rd6 19. c4 Qd2 20. c5 Qxe2 21.
Rxe2 Rxb6 22. cxb6 Bxa2 23. Nd3 Bd5 24. Rxe7 h6 25. Rc7 Rd8 26. Nh3 Rd6 27.
Nhf4 Rxb6 28. Nxd5 Nxd5 29. Rd7 Rb5 30. g3 Nf6 31. Rd8+ Bf8 32. Rc1 Kg7 33. Re1
Rb3 34. Re2 a5 35. Ne5 Rb5 36. Nc4 Rc5 37. Nd6 b6 38. Kg2 Rc6 39. Ne8+ Nxe8 40.
Rexe8 Bc5 41. g4 Kf6 42. h4 Bb4 43. Re3 1-0

[Event "First Saturday Tournament Budapest"]
[Site "Budapest"]
[Date "2012.06.09"]
[Round "7.2"]
[White "Dolgener, Tobias"]
[Black "Farago, Sandor"]
[Result "1-0"]
[WhiteElo "2215"]
[BlackElo "2270"]
[PlyCount "63"]
[EventDate "2012.06.02"]

1. e4 g6 2. d4 Bg7 3. Nc3 Nc6 4. Be3 d5 5. Nxd5 e6 6. Nf4 Nxd4 7. c3 Nc6 8.
Qxd8+ Nxd8 9. O-O-O Nc6 10. Bb5 Nge7 11. Nd3 a6 12. Ba4 e5 13. Ne2 b6 14. Nb4
b5 15. Nxc6 Nxc6 16. Bb3 Na5 17. Bd5 c6 18. Bb3 Nxb3+ 19. axb3 Be6 20. Kc2 O-O
21. b4 a5 22. bxa5 Rxa5 23. Ra1 Ra4 24. Rxa4 bxa4 25. Nc1 Ra8 26. Rd1 Bf8 27.
Rd2 f5 28. f3 fxe4 29. fxe4 a3 30. bxa3 Rxa3 31. Rd8 Kg7 32. Rxf8 1-0

[Event "First Saturday Tournament Budapest"]
[Site "Budapest"]
[Date "2012.06.09"]
[Round "7.3"]
[White "Lyell, Mark"]
[Black "Serra Olives, Tomas"]
[Result "1-0"]
[WhiteElo "2184"]
[BlackElo "2153"]
[PlyCount "51"]
[EventDate "2012.06.02"]

1. e4 c5 2. Nc3 Nc6 3. f4 g6 4. Nf3 Bg7 5. Bb5 Nd4 6. O-O Nxb5 7. Nxb5 d6 8. d3
a6 9. Nc3 e6 10. Qe1 Ne7 11. Be3 b6 12. Rd1 Bb7 13. d4 Qc7 14. Qf2 O-O 15. Rd2
Rac8 16. Rfd1 Rfd8 17. g4 f5 18. Ng5 cxd4 19. Bxd4 Bxd4 20. Rxd4 e5 21. Qh4 Nc6
22. Nd5 Qg7 23. Nf6+ Qxf6 24. Qxh7+ Kf8 25. Rxd6 Rxd6 26. Rxd6 1-0

[Event "First Saturday Tournament Budapest"]
[Site "Budapest"]
[Date "2012.06.09"]
[Round "7.4"]
[White "Krumpacnik, Domen"]
[Black "Volodin, Viktor"]
[Result "1/2-1/2"]
[WhiteElo "2382"]
[BlackElo "2197"]
[PlyCount "52"]
[EventDate "2012.06.02"]

1. d4 d5 2. Nf3 e6 3. Bf4 Bd6 4. Bg3 Bxg3 5. hxg3 Nf6 6. e3 c5 7. c3 c4 8. b3
cxb3 9. axb3 Nc6 10. Nbd2 b6 11. Bd3 Bb7 12. Qb1 h6 13. b4 O-O 14. O-O Qd6 15.
Ra4 e5 16. b5 e4 17. bxc6 Bxc6 18. Bb5 exf3 19. gxf3 Rfc8 20. Rc1 Qd7 21. Rb4
Bxb5 22. Rxb5 Rc6 23. e4 dxe4 24. fxe4 Rac8 25. Qd3 Rxc3 26. Rxc3 Rxc3 1/2-1/2

[Event "First Saturday Tournament Budapest"]
[Site "Budapest"]
[Date "2012.06.10"]
[Round "8.1"]
[White "Szalanczy, Emil"]
[Black "Ernst, Michael"]
[Result "1-0"]
[WhiteElo "2262"]
[BlackElo "2233"]
[PlyCount "53"]
[EventDate "2012.06.02"]

1. e4 e6 2. d4 d5 3. Nc3 Bb4 4. e5 c5 5. a3 Bxc3+ 6. bxc3 Ne7 7. Qg4 O-O 8. Bd3
f5 9. exf6 Rxf6 10. Qh5 g6 11. Qh4 Nf5 12. Bxf5 exf5 13. Ne2 Rf8 14. Bg5 Qe8
15. Bh6 Rf7 16. O-O Nc6 17. Nf4 Bd7 18. Rae1 Qd8 19. Bg5 Qa5 20. Nxd5 cxd4 21.
Nf6+ Kh8 22. cxd4 Qxa3 23. d5 Nb4 24. Re3 Qa5 25. Rh3 h5 26. Nxh5 Rh7 27. Nf6
1-0

[Event "First Saturday Tournament Budapest"]
[Site "Budapest"]
[Date "2012.06.10"]
[Round "8.3"]
[White "Serra Olives, Tomas"]
[Black "Krumpacnik, Domen"]
[Result "0-1"]
[WhiteElo "2153"]
[BlackElo "2382"]
[PlyCount "80"]
[EventDate "2012.06.02"]

1. e4 Nc6 2. d4 d5 3. exd5 Qxd5 4. Nf3 Bg4 5. Be2 O-O-O 6. c4 Qf5 7. Be3 Bxf3
8. Bxf3 Nxd4 9. Bxd4 Qe6+ 10. Be2 Qe4 11. Nc3 Qxd4 12. Qxd4 Rxd4 13. Nb5 Rd7
14. Nxa7+ Kb8 15. Nb5 c6 16. Nc3 e6 17. O-O Nf6 18. Rfd1 Rxd1+ 19. Rxd1 Bb4 20.
Rd3 Kc7 21. a3 Bxc3 22. Rxc3 Rd8 23. Rd3 Rxd3 24. Bxd3 Kd6 25. Kf1 Kc5 26. Ke2
Kd4 27. Kd2 h6 28. h3 Nd7 29. f4 Nc5 30. Bf1 Ne4+ 31. Kc2 Ng3 32. Bd3 g6 33. b4
Nh5 34. f5 gxf5 35. c5 Nf4 36. Bf1 Nd5 37. Kb3 Ne3 38. Be2 Nxg2 39. Ka4 Nf4 40.
Bf3 e5 0-1

[Event "First Saturday Tournament Budapest"]
[Site "Budapest"]
[Date "2012.06.10"]
[Round "8.4"]
[White "Farago, Sandor"]
[Black "Lyell, Mark"]
[Result "0-1"]
[WhiteElo "2270"]
[BlackElo "2184"]
[PlyCount "132"]
[EventDate "2012.06.02"]

1. d4 d5 2. Nf3 Nf6 3. b3 Bf5 4. Bb2 e6 5. Nbd2 Nbd7 6. Nh4 Ne4 7. Nxf5 exf5 8.
a3 Bd6 9. Nxe4 fxe4 10. e3 O-O 11. g3 f5 12. h4 c6 13. Be2 Qe7 14. Qd2 Nf6 15.
c4 a6 16. c5 Bc7 17. O-O-O Rfb8 18. h5 h6 19. Rdg1 b6 20. g4 fxg4 21. Bxg4 bxc5
22. dxc5 Rxb3 23. Bd1 Rxb2 24. Qxb2 Rb8 25. Qc3 Rb5 26. Kd2 Be5 27. Qc1 Rxc5
28. Bc2 Qb7 29. a4 Bb2 30. Qb1 Qb4+ 31. Kd1 Qc3 32. Re1 Rc4 33. Re2 d4 34. Rd2
d3 35. Bxd3 Qc1+ 36. Ke2 exd3+ 37. Qxd3 Qc3 38. Qg6 Ba3 39. Rg1 Bf8 40. Qf5 Ne4
41. Qe6+ Kh8 42. Rgd1 Nxd2 43. Rxd2 Rb4 44. Rd8 Qb2+ 45. Kf3 Rb8 46. Rd4 Bc5
47. Rf4 Rf8 48. Rxf8+ Bxf8 49. Qe8 Qf6+ 50. Ke2 Kg8 51. f4 c5 52. Qa8 Qb2+ 53.
Kf3 Qb4 54. f5 c4 55. Qd5+ Kh8 56. f6 gxf6 57. Qf7 c3 58. Qxf6+ Bg7 59. Qg6 Qe7
60. Ke2 Qd8 61. Qc6 Qd2+ 62. Kf3 Qd3 63. Kf4 c2 64. Qc8+ Kh7 65. Qc6 Qf1+ 66.
Kg4 c1=Q 0-1

[Event "First Saturday Tournament Budapest"]
[Site "Budapest"]
[Date "2012.06.10"]
[Round "8.5"]
[White "Xu, Huahua"]
[Black "Dolgener, Tobias"]
[Result "1-0"]
[WhiteElo "2168"]
[BlackElo "2215"]
[PlyCount "121"]
[EventDate "2012.06.02"]

1. e4 c5 2. Nf3 Nc6 3. Nc3 a6 4. d4 cxd4 5. Nxd4 e6 6. g3 Qc7 7. Bg2 Nf6 8. O-O
d6 9. Re1 Bd7 10. Nxc6 bxc6 11. b3 Be7 12. Na4 O-O 13. c4 Rad8 14. Bf4 e5 15.
Be3 c5 16. Nc3 Bc6 17. f4 Qb7 18. Qc2 exf4 19. Bxf4 Nd7 20. Rad1 Ne5 21. Bxe5
dxe5 22. Nd5 Bxd5 23. exd5 Qc7 24. Qf5 Bd6 25. Be4 g6 26. Qf6 Rfe8 27. Rf1 Bf8
28. g4 Rd6 29. Qh4 Be7 30. Rxf7 Bxh4 31. Rxc7 Rf8 32. Rf1 Rxf1+ 33. Kxf1 Rf6+
34. Ke2 Rf2+ 35. Ke3 Rxh2 36. d6 Bg5+ 37. Kf3 Rxa2 38. d7 Rb2 39. Rc8+ Kg7 40.
d8=Q Bxd8 41. Rxd8 Rxb3+ 42. Bd3 Kf6 43. Ke4 a5 44. Rd5 a4 45. Rxc5 a3 46. Ra5
Kg5 47. Be2 Rb2 48. Rxe5+ Kh4 49. Kd3 a2 50. Ra5 Kg3 51. c5 Kf2 52. Bd1 Ke1 53.
Bc2 Rb5 54. Rxb5 a1=Q 55. Rb1+ Qxb1 56. Bxb1 h5 57. gxh5 gxh5 58. c6 h4 59. c7
h3 60. c8=Q h2 61. Qh3 1-0

[Event "First Saturday Tournament Budapest"]
[Site "Budapest"]
[Date "2012.06.11"]
[Round "9.1"]
[White "Dolgener, Tobias"]
[Black "Szalanczy, Emil"]
[Result "0-1"]
[WhiteElo "2215"]
[BlackElo "2262"]
[PlyCount "110"]
[EventDate "2012.06.02"]

1. e4 c5 2. Nf3 d6 3. c3 Nf6 4. Be2 g6 5. O-O Bg7 6. Re1 O-O 7. Bf1 e5 8. d4
exd4 9. cxd4 Bg4 10. dxc5 dxc5 11. Qxd8 Rxd8 12. Ne5 Be6 13. Nc3 Nfd7 14. Bg5
f6 15. Nxd7 Nxd7 16. Be3 b6 17. f4 Bf7 18. Rad1 Nf8 19. Ba6 Ne6 20. Nb5 g5 21.
f5 Nf4 22. Nc7 Rab8 23. g3 Nh3+ 24. Kg2 g4 25. Ne6 Re8 26. a4 Rxe6 27. fxe6
Bxe6 28. Rd6 Bb3 29. a5 bxa5 30. Rc6 Bc2 31. Bxc5 Ng5 32. Rc8+ Rxc8 33. Bxc8
Bxe4+ 34. Kf2 f5 35. Be3 Nh3+ 36. Ke2 Bxb2 37. Be6+ Kg7 38. Bxa7 a4 39. Kd2 Ng5
40. Rxe4 Nxe4+ 41. Kd3 Kf6 42. Bg8 h5 43. Bb6 a3 44. Bd8+ Kg7 45. Bc4 Be5 46.
Be7 Bd6 47. Bxd6 Nxd6 48. Bd5 Kf6 49. Kd4 Ne4 50. Bg8 Ng5 51. Kc3 Nf3 52. Kb3
Nxh2 53. Bc4 Ke5 54. Kxa3 h4 55. gxh4 g3 0-1

[Event "First Saturday Tournament Budapest"]
[Site "Budapest"]
[Date "2012.06.11"]
[Round "9.2"]
[White "Lyell, Mark"]
[Black "Xu, Huahua"]
[Result "1/2-1/2"]
[WhiteElo "2184"]
[BlackElo "2168"]
[PlyCount "62"]
[EventDate "2012.06.02"]

1. e4 c5 2. Nc3 a6 3. d3 e6 4. f4 b5 5. Nf3 Bb7 6. Be2 d5 7. exd5 exd5 8. O-O
Nf6 9. Ne5 Bd6 10. Bf3 O-O 11. Be3 b4 12. Ne2 Nbd7 13. d4 cxd4 14. Bxd4 Qc7 15.
Nxd7 Nxd7 16. Qd2 Nc5 17. f5 f6 18. Bxc5 Qxc5+ 19. Kh1 Be5 20. a3 Rac8 21. axb4
Qxc2 22. Bxd5+ Bxd5 23. Qxd5+ Kh8 24. Nd4 Bxd4 25. Qxd4 Rfd8 26. Qb6 Qxb2 27.
Rfd1 Rxd1+ 28. Rxd1 h6 29. Qxa6 Rc1 30. Qf1 Rxd1 31. Qxd1 Qxb4 1/2-1/2

[Event "First Saturday Tournament Budapest"]
[Site "Budapest"]
[Date "2012.06.11"]
[Round "9.3"]
[White "Krumpacnik, Domen"]
[Black "Farago, Sandor"]
[Result "1-0"]
[WhiteElo "2382"]
[BlackElo "2270"]
[PlyCount "147"]
[EventDate "2012.06.02"]

1. d4 d5 2. Nf3 Nf6 3. Bg5 Nbd7 4. e3 h6 5. Bh4 c6 6. c4 Qa5+ 7. Qd2 Qxd2+ 8.
Nbxd2 e6 9. Bd3 Bd6 10. Bg3 Bxg3 11. hxg3 c5 12. Rc1 b6 13. cxd5 exd5 14. dxc5
bxc5 15. e4 c4 16. Bb1 Nc5 17. exd5 Nd3+ 18. Bxd3 cxd3 19. Nc4 O-O 20. Ne3 Rd8
21. Rh4 Nxd5 22. Nxd5 Rxd5 23. Rd4 Bb7 24. Kd2 Rxd4 25. Nxd4 Be4 26. f3 Bh7 27.
g4 a5 28. Rc5 a4 29. a3 Bg6 30. Rb5 f6 31. Nf5 Bf7 32. Kxd3 Rd8+ 33. Nd4 Ra8
34. Rb7 Rd8 35. Rb4 Ra8 36. Nc6 Ra6 37. Rb8+ Kh7 38. Nd4 Ra7 39. Rb4 Kg8 40.
Nb5 Rd7+ 41. Ke3 Re7+ 42. Kf2 Bb3 43. Nd4 Bd1 44. Rc4 Rb7 45. Ke1 Bb3 46. Nxb3
axb3 47. Rb4 Rc7 48. Rxb3 Rc2 49. Kf1 Kf7 50. a4 Ke6 51. Rb5 Kd6 52. a5 Kc6 53.
Rb3 Rc1+ 54. Kf2 Ra1 55. Ra3 Rb1 56. a6 Rxb2+ 57. Ke3 Rb8 58. a7 Ra8 59. Ke4 g6
60. Ra6+ Kb7 61. Rxf6 Re8+ 62. Kd3 Rg8 63. Rf7+ Ka8 64. Rh7 h5 65. gxh5 gxh5
66. Rxh5 Rxg2 67. Ra5 Rg8 68. f4 Re8 69. f5 Re1 70. Kd4 Re2 71. Kd5 Re1 72. f6
Re2 73. f7 Rf2 74. Ke6 1-0

[Event "First Saturday Tournament Budapest"]
[Site "Budapest"]
[Date "2012.06.11"]
[Round "9.4"]
[White "Lengyel, Bela"]
[Black "Serra Olives, Tomas"]
[Result "1-0"]
[WhiteElo "2260"]
[BlackElo "2153"]
[PlyCount "113"]
[EventDate "2012.06.02"]

1. e4 c5 2. Nf3 Nc6 3. d4 cxd4 4. Nxd4 Nf6 5. Nc3 e5 6. Ndb5 d6 7. Bg5 a6 8.
Na3 b5 9. Nd5 Be7 10. Bxf6 Bxf6 11. c3 Bg5 12. Nc2 O-O 13. a4 Rb8 14. axb5 axb5
15. Be2 Be6 16. Ncb4 Bxd5 17. Nxd5 Ne7 18. O-O Nxd5 19. Qxd5 Qb6 20. b4 Rfc8
21. Ra3 g6 22. Rd1 Rc6 23. g3 Rbc8 24. Rd3 Bc1 25. Rb3 Rb8 26. Rf3 Rc7 27. Rf6
Rd7 28. h4 Kg7 29. Rf3 Ra7 30. Rb1 Bh6 31. Rd1 Rd7 32. Ra1 Qb7 33. Rd3 Kg8 34.
Ra5 Bf8 35. Kf1 Qxd5 36. Rxd5 Rc7 37. Rdxb5 Rxb5 38. Rxb5 Rxc3 39. Rb8 f5 40.
exf5 Rc1+ 41. Kg2 gxf5 42. b5 Rc2 43. Bd3 Rb2 44. Bxf5 Kf7 45. Rb7+ Kf6 46.
Bxh7 Bh6 47. Kf3 d5 48. g4 e4+ 49. Kg3 Bd2 50. g5+ Ke5 51. g6 Be1 52. g7 Rxf2
53. g8=Q Rf8+ 54. Kg2 Rxg8+ 55. Bxg8 d4 56. h5 d3 57. Re7+ 1-0